Catalog

Record Details

Catalog Search



The depression helpbook / by Wayne Katon, Evette ... Read More

Katon, Wayne.(Author).
Ludman, Evette.(Added Author). Simon, Gregory.(Added Author).

Available copies

  • 0 of 1 copy available at LARL/NWRL Consortium.

Current holds

0 current holds with 1 total copy.

Show Only Available Copies
Location Call Number / Copy Notes Barcode Shelving Location Status Due Date
Roseau Public Library 616.85 KAT (Text) 35500004507396 Main Checked out 07/21/2026

Record details

  • ISBN: 9781933503158
  • ISBN: 1933503157
  • Physical Description: iv, 244 p. ; 23 cm.
  • Publisher: Boulder, Colo. : Bull Pub., c2008.

Content descriptions

Bibliography, etc. Note:
Includes bibliographical references and index.
Formatted Contents Note:
What is depression? -- Reversing the downward ... Read More
Subject: Depression, Mental > Popular works.
LDR 01768cam a22002658a 4500
001103998
003LARL_NWRL_CONSORTIUM
00520090330113855.0
008080314s2008 cou b 001 0 eng
010 . ‡a2008012072
020 . ‡a9781933503158
020 . ‡a1933503157
040 . ‡aDLC ‡cDLC ‡dDLC
08200. ‡a616.85/2706 ‡222
1001 . ‡aKaton, Wayne. ‡0(LARL_NWRL_CONSORTIUM)203539
24514. ‡aThe depression helpbook / ‡cby Wayne Katon, Evette Ludman, Gregory Simon.
260 . ‡aBoulder, Colo. : ‡bBull Pub., ‡cc2008.
300 . ‡aiv, 244 p. ; ‡c23 cm.
504 . ‡aIncludes bibliographical references and index.
5050 . ‡aWhat is depression? -- Reversing the downward spiral of depression -- Making your own decision about treatment -- Working with your doctor -- What you should know about antidepressants -- What you should know about psychotherapy -- When is treatment finished? -- What family and friends should know -- Plain talk about suicide -- Depression and your body -- Depression and chronic medical illness -- Depression and women's health -- Food, alcohol, and drugs -- Relaxing -- Exercising -- Getting a good night's sleep -- Making time for enjoyment -- Thinking more constructively -- The other people in your life -- Intimacy and sex when you are depressed -- Managing at work when you are depressed -- Managing depression day by day -- Planning for better living -- Maintaining gains and preventing relapse -- Living your plan -- Appendix: a primer on antidepressant.
650 0. ‡aDepression, Mental ‡vPopular works. ‡0(LARL_NWRL_CONSORTIUM)164579
7001 . ‡aLudman, Evette. ‡0(LARL_NWRL_CONSORTIUM)198932
7001 . ‡aSimon, Gregory. ‡0(LARL_NWRL_CONSORTIUM)198933
901 . ‡a103998 ‡bISxN ‡c103998 ‡tbiblio

Additional Resources